[Event "Niteroi op 4th"]
[Site "Niteroi"]
[Date "2024.09.01"]
[Round "7"]
[White "Pimenta, Jeronimo Marques"]
[Black "Videira, Matheus Martins"]
[Result "1-0"]
[WhiteElo "2047"]
[BlackElo "1830"]
[PlyCount "63"]
[EventDate "2024.08.28"]
[EventType "swiss"]
[EventRounds "7"]
[EventCountry "BRA"]
[SourceTitle "CBM 221 Extra"]
[Source "ChessBase"]
[SourceDate "2024.09.30"]
[SourceVersion "1"]
[SourceVersionDate "2024.09.30"]
[SourceQuality "1"]

1. d4 d5 2. c4 c6 3. Nf3 Bf5 4. Nc3 Nf6 5. e3 dxc4 6. Bxc4 e6 7. 0-0 Be7 8. a4 a5 9. Qb3 Qc7 10. Re1 0-0 11. e4 Bg6 12. Bg5 h6 13. Bh4 Re8 14. Rac1 Nfd7 15. e5 Bxh4 16. Nxh4 Bh7 17. Ne4 Bxe4 18. Rxe4 Nb6 19. Rc3 Nxc4 20. Qxc4 Nd7 21. Rg4 Nb6 22. Qe2 Kh8 23. Rcg3 Rg8 24. Qc2 g5 25. Nf3 Qd8 26. h4 Rg7 27. hxg5 hxg5 28. Rxg5 Rxg5 29. Nxg5 Qg8 30. Qe4 Qg7 31. Nxf7+ Qxf7 32. Qh4+ 1-0

[Event "Niteroi op 4th"]
[Site "Niteroi"]
[Date "2024.08.31"]
[Round "6"]
[White "Videira, Matheus Martins"]
[Black "De Haro, Martim Alfonso"]
[Result "1-0"]
[WhiteElo "1830"]
[BlackElo "1804"]
[PlyCount "63"]
[EventDate "2024.08.28"]
[EventType "swiss"]
[EventRounds "7"]
[EventCountry "BRA"]
[SourceTitle "CBM 221 Extra"]
[Source "ChessBase"]
[SourceDate "2024.09.30"]
[SourceVersion "1"]
[SourceVersionDate "2024.09.30"]
[SourceQuality "1"]

1. e4 c5 2. Nf3 g6 3. d4 cxd4 4. Nxd4 Nc6 5. Nc3 Bg7 6. Be3 Nf6 7. Be2 0-0 8. 0-0 d5 9. exd5 Nxd5 10. Nxc6 bxc6 11. Nxd5 cxd5 12. Bf3 Bb7 13. c4 d4 14. Bxb7 Rb8 15. Bxd4 Bxd4 16. Ba6 Rxb2 17. Bb5 e5 18. a3 Qb6 19. Qf3 Rxf2 20. Rxf2 Bxa1 21. Kh1 Bd4 22. Rf1 Kg7 23. Bc6 Qc5 24. Bd5 f5 25. Rb1 Rc8 26. g4 f4 27. g5 Qd6 28. Qh3 Rb8 29. Rb7+ Rxb7 30. Bxb7 Bc5 31. Bd5 Qb6 32. Qd7+ 1-0

[Event "Niteroi op 4th"]
[Site "Niteroi"]
[Date "2024.08.30"]
[Round "4"]
[White "Videira, Matheus Martins"]
[Black "Araujo, Barbara Ribeiro"]
[Result "1/2-1/2"]
[WhiteElo "1830"]
[BlackElo "1781"]
[PlyCount "108"]
[EventDate "2024.08.28"]
[EventType "swiss"]
[EventRounds "7"]
[EventCountry "BRA"]
[SourceTitle "CBM 221 Extra"]
[Source "ChessBase"]
[SourceDate "2024.09.30"]
[SourceVersion "1"]
[SourceVersionDate "2024.09.30"]
[SourceQuality "1"]

1. e4 c5 2. Nc3 g6 3. Nf3 Bg7 4. d4 cxd4 5. Nxd4 Nc6 6. Be3 Nf6 7. Be2 0-0 8. 0-0 d5 9. exd5 Nxd5 10. Nxc6 bxc6 11. Nxd5 Qxd5 12. Qxd5 cxd5 13. Rad1 Bxb2 14. Rxd5 Be6 15. Rb5 Bf6 16. Ra5 Rfd8 17. Rxa7 Rxa7 18. Bxa7 Ra8 19. Be3 Rxa2 20. Bd3 Bc3 21. Rb1 f5 22. Bg5 Kf7 23. h3 Ra7 24. Rb5 Bg7 25. Kf1 h6 26. Bd2 Bd7 27. Bc4+ e6 28. Rb3 Rc7 29. Bd3 Ba4 30. Ba5 Rd7 31. Ra3 Bc6 32. Bb6 Be5 33. Ra7 Rxa7 34. Bxa7 Bc3 35. Be3 g5 36. f3 Kf6 37. Ke2 h5 38. g3 g4 39. hxg4 hxg4 40. fxg4 fxg4 41. Bd2 Bf3+ 42. Ke3 Be5 43. Be1 Bd6 44. Be2 Bc5+ 45. Kd3 Kf5 46. Kd2 e5 47. Bd3+ e4 48. Bf1 Bg1 49. Bb5 Ke5 50. c3 Kd5 51. Kc2 Kc5 52. Ba6 Kd5 53. Kd2 Bc5 54. Bb5 Bg1 1/2-1/2

[Event "Niteroi op 4th"]
[Site "Niteroi"]
[Date "2024.08.28"]
[Round "1"]
[White "Videira, Matheus Martins"]
[Black "Santos, Abel Cardoso Dos"]
[Result "0-1"]
[WhiteElo "1830"]
[BlackElo "1923"]
[PlyCount "138"]
[EventDate "2024.08.28"]
[EventType "swiss"]
[EventRounds "7"]
[EventCountry "BRA"]
[SourceTitle "CBM 221 Extra"]
[Source "ChessBase"]
[SourceDate "2024.09.30"]
[SourceVersion "1"]
[SourceVersionDate "2024.09.30"]
[SourceQuality "1"]

1. e4 e5 2. Nf3 Nc6 3. Bc4 Nf6 4. d3 h6 5. Nc3 Bc5 6. h3 d6 7. Ne2 Na5 8. Bb3 c6 9. Bd2 Nxb3 10. axb3 0-0 11. 0-0 Re8 12. Ng3 d5 13. Bc3 d4 14. Ba5 b6 15. Bd2 Bf8 16. Re1 g6 17. Qc1 Kh7 18. Nh2 Bg7 19. f4 exf4 20. Bxf4 Be6 21. Nf3 c5 22. Be5 Qc8 23. Bxf6 Bxf6 24. Qf4 Bg7 25. Qh4 f6 26. Nf1 Qc7 27. Qg3 Qf7 28. N1d2 Rad8 29. Nc4 Bf8 30. Rf1 Qg7 31. Nh4 Rd7 32. Nf3 Be7 33. Nh2 Rf8 34. Kh1 Bd8 35. Qe1 Be7 36. Ra6 Bd8 37. Qg3 Bc7 38. Qe1 Bb8 39. Ra1 f5 40. exf5 Bxf5 41. g4 Re7 42. Qd1 Bc8 43. Kg1 Bxh2+ 44. Kxh2 Rfe8 45. Rf2 b5 46. Nd2 Qe5+ 47. Kg2 h5 48. Qf1 Bb7+ 49. Nf3 h4 50. Kg1 Qg3+ 51. Qg2 Re1+ 52. Rf1 Rxa1 53. Rxa1 Qxf3 54. Qxf3 Bxf3 55. Rxa7+ Kh6 56. Kf2 Bd1 57. Rb7 b4 58. c3 dxc3 59. bxc3 bxc3 60. Ra7 Bxb3 61. Ra1 c2 62. Rc1 Kg5 63. Kf3 Re7 64. Ra1 Bd5+ 65. Kf2 Kf4 66. Rc1 Bb3 67. Ra1 c4 68. dxc4 Bxc4 69. Kg1 Rd7 0-1